Leonardo or LeonardNo? Quiz Stats

 Plays Quiz Updated Aug 16, 2017

Support Sporcle.
Go Orange.
Score 0/20 Timer 08:00
1 Play Today
% Correct
Yes, Leonardo painted 'The Last Supper'
94.5%
Of course 'Mona Lisa' was Leonardo!
86.6%
Correct, 'The Creation of Adam' was painted by Michelangelo
83.2%
That's right! 'The Birth of Venus' was painted by Botticelli
80.3%
That's right! Paul Cézanne painted this 'Self-Portrait'
79.5%
You got it! 'The School of Athens' was painted by Raphael
78%
Caravaggio painted 'The Death of the Virgin', that's right!
77.3%
'St. Peter in Prison' was Rembrandt, you got it!
76.2%
That's right, Rembrandt painted 'Self Portrait with Beret and Turned-Up Collar'
72.8%
You got it! 'Portrait of Isabella d'Este' was Leonardo
71.5%
% Correct
He did paint 'The Virgin of the Rocks'!
70.6%
'La belle ferronnière' was Leonardo
68.8%
'Head of a Woman' was painted by Leonardo
67.3%
'The Entombment' was Michelangelo
66.8%
'The Virgin and Child with St Anne and St John the Baptist' was Leonardo
61.7%
Yep, 'Benois Madonna' was painted by Leonardo
61.2%
'St. John the Baptist' was painted by Leonardo
51.2%
You got it! 'Assumption of the Virgin' was painted by Titian
51.2%
Yes, 'Sala delle Asse' was Leonardo
33.4%
You got it! 'St. Jerome in the Wilderness' was Leonardo
30.7%

From the Vault

Colors of Catholic Liturgical Year

by folio1701

Religion 60s
We apologize in advance to any color blind Catholics out there.
Remove Ads.
Support Sporcle.
Get the best of Sporcle when you Go Orange. This ad-free experience offers more features, more stats, and more fun while also helping to support Sporcle. Thank you for becoming a member.

Show Comments

Extras

Top Quizzes Today


Score Distribution

Your Account Isn't Verified!

In order to create a playlist on Sporcle, you need to verify the email address you used during registration. Go to your Sporcle Settings to finish the process.

Report this User

Report this user for behavior that violates our Community Guidelines.

Details: